LEADER 01075nam0-22003251i-450- 001 990005296300403321 005 20100630104947.0 035 $a000529630 035 $aFED01000529630 035 $a(Aleph)000529630FED01 035 $a000529630 100 $a19990604d1972----km-y0itay50------ba 101 0 $ager 105 $ay-------001yy 200 1 $a<>römische Weltgeschichte$eStudien zum Text der Epitome des Iustinus und zur Historik des Pompeius Trogus$fvon Otto Seel 210 $aNürnberg$cHans Carl$d1972 215 $aVI, 365 p.$d24 cm 225 1 $aErlanger Beiträge zur Sprach-und Kunstwissenschaft$v39 610 0 $aGiustino$aPompeo Trogo$aHistoriae Philippicae 676 $a870.01 700 1$aSeel,$bOtto$0386071 801 0$aIT$bUNINA$gRICA$2UNIMARC 901 $aBK 912 $a990005296300403321 952 $aP2B-650-IUSTINUS-8S.O.-1972$bANT. G.R. 1513$fFLFBC 952 $aDDR-Fonti II- Iustinus histor. St.1$b240 ddr$fDDR$m21-7398 959 $aFLFBC 959 $aDDR 996 $aRömische Weltgeschichte$9280373 997 $aUNINA LEADER 01014nam0-2200361---450- 001 990004381880403321 005 20110622115246.0 010 $a88-207-3303-X$b1. v. 010 $a88-207-3431-1$b2. v. 035 $a000438188 035 $aFED01000438188 035 $a(Aleph)000438188FED01 035 $a000438188 100 $a19990604d2002----km-y0itay50------ba 101 0 $aita 102 $aIT 105 $a--------011yy 200 1 $a<>civile letteratura$estudi sull'Ottocento e il Novecento offerti ad Antonio Palermo 210 $aNapoli$cLiguori$d2002 215 $a2 v.$d24 cm 225 1 $aDomini 225 1 $aCritica e letteratura$v35 610 0 $aLetteratura italiana$aSec. 19.-20. 676 $a850.9008 702 1$aPalermo,$bAntonio 801 0$aIT$bUNINA$gRICA$2UNIMARC 901 $aBK 912 $a990004381880403321 952 $a850.9008 PAL 1(1)$fFLFBC 952 $a850.9008 PAL 1(2)$fFLFBC 959 $aFLFBC 996 $aCivile letteratura$9541538 997 $aUNINA LEADER 00892nam a22002411i 4500 001 991000831889707536 005 20021031142058.0 008 021031s1984 it |||||||||||||||||ita 035 $ab12061505-39ule_inst 035 $aARCHE-015130$9ExL 040 $aDip.to Filologia Ling. e Lett.$bita$cA.t.i. Arché s.c.r.l. Pandora Sicilia s.r.l. 082 04$a853 100 1 $aNascimbeni, Giulio$0198163 245 13$aIl calcolo dei dadi :$bstorie di uomini e di libri /$cGiulio Nascimbeni 260 $aMilano :$bBompiani,$c1984 300 $a286 p. ;$c21 cm 490 0 $aSaggi [Bompiani] 907 $a.b12061505$b28-04-17$c01-04-03 912 $a991000831889707536 945 $aLE008 TS L IV 62$g1$i2008000400750$lle008$o-$pE0.00$q-$rl$s- $t0$u0$v0$w0$x0$y.i12357388$z01-04-03 996 $aCalcolo dei dadi$9143776 997 $aUNISALENTO 998 $ale008$b01-04-03$cm$da $e-$fita$git $h3$i1